00711nam a2200241 a 4500001001300000003000900013005001700022008004100039020001000080082001600090100002300106245005700129260004700186300000800233500003500241505001000276650001400286700002300300902000800323942000700331952011600338999001500454nice12345678IN_TiNIC20260116011700.0050524s1913 mada grp 000 0 eng  ac10000a297.65bSEL aSell, Edward Canon aAl-Khulfa Al Rashidin Or Four Highly Guidee Khalifas aMadrasbChristian Literature Societyc1913 a69p aincludes index and biblioraphy2 aIndex aCaliphate1 aSell, Edward Canon bSRS cBK 001040708StackRoom-aHMIbHMId2009-08-31g100.00l0o297.65 SELp05660r2009-08-31v100.00w2005-05-24yBK c3378d3378